Výpočet potreby vody pre návrh kvapkovej závlahy ovocného sadu
Uložené v:
| Hlavný autor: | |
|---|---|
| Ďalší autori: | |
| Médium: | Rukopis Kniha |
| Jazyk: | Slovak |
| Vydavateľské údaje: |
2017
|
| Predmet: | |
| On-line prístup: | http://is.stuba.sk/zp/portal_zp.pl?podrobnosti=116807 https://opac.crzp.sk/?fn=detailBiblioForm&sid=DF521320909666631578E2F290DD |
| Tagy: |
Žiadne tagy, Buďte prvý, kto otaguje tento záznam!
|
MARC
| LEADER | 00000ntm a22000003a 4500 | ||
|---|---|---|---|
| 001 | stuzp62560 | ||
| 003 | SK-STU | ||
| 005 | 20230607113217.9 | ||
| 007 | ta | ||
| 008 | 150427s2015----xo-----f-mn---000-0-slo-d | ||
| 040 | |a STU |b slo | ||
| 041 | 0 | |a slo | |
| 100 | 1 | |a Michalec, Miroslav |u 010160 |4 aut |U SvF Stavebná fakulta |T SvF Katedra vodného hospodárstva krajiny |X 75488 |U V160 |Y 16 |7 75488 | |
| 242 | 0 | 1 | |a Calculation of irrigation water need for drip irrigation of fruit grove |y eng |
| 245 | 1 | 0 | |a Výpočet potreby vody pre návrh kvapkovej závlahy ovocného sadu |
| 260 | |c 2017 | ||
| 650 | 4 | |a závlaha |2 slo | |
| 650 | 4 | |a ovocný sad |2 slo | |
| 650 | 4 | |a kvapkovač |2 slo | |
| 650 | 4 | |a irrigation |2 eng | |
| 650 | 4 | |a fruit grove |2 eng | |
| 650 | 4 | |a dripper |2 eng | |
| 700 | 1 | |a Bajtek, Zbyněk |u 010160 |k Z2 |4 ths |U SvF Stavebná fakulta |T SvF Katedra vodného hospodárstva krajiny |X 42579 |U V160 |Y 16 |7 A000042579 | |
| 856 | 4 | |u http://is.stuba.sk/zp/portal_zp.pl?podrobnosti=116807 | |
| 856 | 4 | |u https://opac.crzp.sk/?fn=detailBiblioForm&sid=DF521320909666631578E2F290DD | |